LIBRARY & INFORMATION CENTRE, KCAET, TAVANUR

ONLINE PUBLIC ACCESS CATALOGUE (OPAC)

Optimization of pumping schedule for increasing the yield of open wells (Record no. 15245)

MARC details
000 -LEADER
fixed length control field 00769nam a22002177a 4500
003 - CONTROL NUMBER IDENTIFIER
control field OSt
088 ## - REPORT NUMBER
Report number P 76
100 ## - MAIN ENTRY--AUTHOR NAME
Personal name BHASKARAN K
245 ## - TITLE STATEMENT
Title Optimization of pumping schedule for increasing the yield of open wells
260 ## - PUBLICATION, DISTRIBUTION, ETC. (IMPRINT)
Place of publication Tavanur 1998
Name of publisher Department of Irrigation and Drainage Engineering
300 ## - PHYSICAL DESCRIPTION
Number of Pages 73
500 ## - GENERAL NOTE
General note Optimization of pumping schedule for increasing the yield of open wells
520 ## - SUMMARY, ETC.
Summary, etc Optimization of pumping schedule for increasing the yield of open wells
700 ## - ADDED ENTRY--PERSONAL NAME
Personal name Jinu A
700 ## - ADDED ENTRY--PERSONAL NAME
Personal name Priya M
700 ## - ADDED ENTRY--PERSONAL NAME
Personal name Sreedevidya M. L
700 ## - ADDED ENTRY--PERSONAL NAME
Personal name Er. Mary Regina F (Guide)
856 ## - ELECTRONIC LOCATION AND ACCESS
Uniform Resource Identifier https://drive.google.com/open?id=15XhKynPbbScZzB8OhtGvugaAxBLqr9ss
942 ## - ADDED ENTRY ELEMENTS (KOHA)
Koha item type Project Report
Holdings
Collection code Home library Current library Shelving location Full call number Accession Number Koha item type
Reference KAUAET KAUAET Reference 631.587 BHA/OP P 76 Project Report
free website counter